000 00750nam a2200181Ia 4500
008 090630s9999 xx 000 0 und d
082 _b16918
100 _aडॉ. डिसिल्वा रजीन.
245 _aगाथा वसईच्या सुपुत्राची.
_cडॉ. डिसिल्वा रजीन.
260 _bऑल्वियानी - वसई.
300 _a0
600 _aडॉ. डिसिल्वा रजीन.
630 _aगाथा वसईच्या सुपुत्राची.
655 _aचरित्र.
700 _aडॉ. डिसिल्वा रजीन.
730 _aगाथा वसईच्या सुपुत्राची.
942 _cBOOK
999 _c268774
_d268774